Quizzes
Events
Quiz Creation
Community
Videos
Private Events
Remove Ads
Sign In
Join for FREE
Feedback
Dark Mode
Quiz Categories
Sports
Geography
Music
Movies
Television
Just For Fun
Miscellaneous
History
Literature
Language
Science
Gaming
Entertainment
Religion
Holiday
For Kids
Quiz Lab
Recent
Popular Today
Quiz Kudos Today
Editor Picks
Curator Picks
Quizzes by...
Day
Popularity
Type
Ratings
Length
Year
Community
Subscriptions
Recent Discussions
Orange Saloon
Badges
Playlists
Quests
Create
Leaderboards
Showdown
Live 5
Trivia Bingo
Activity
Puzzle Library
Sporcle Events
Private Events
Virtual Trivia
Globe League
Become a Host
Pub Owners
SporcleCon
Opinionation
Our Games
Videos
Blog
Mobile Apps
Partnerships
Remove Ads and Go Orange
Feedback
Sports
Athletes
MLB
NBA
NHL
NFL
Soccer
Sports Teams
WWE
NCAA
Football
Premier League
Basketball
Baseball
Hockey
Golf
Tennis
Cricket
Rugby
Auto Racing
Olympics
World Cup
Sports
Athletes
MLB
NBA
NHL
NFL
Soccer
Sports Teams
WWE
NCAA
Football
Premier League
Basketball
Baseball
Hockey
Golf
Tennis
Cricket
Rugby
Auto Racing
Olympics
World Cup
Random Quiz
Search Sporcle
×
Quiz Lab
Quiz Lab
Sports
Basketball
Type in answers that appear in a list
Type in answers that appear in a list
Classic
Best Score? Go Orange.
Capital City College Basketball Stats
Can you name the NCAA Division 1 schools located in a state or national capital?
By
BiloxiSean
5m
41 Questions
402 Plays
402 Plays
402 Plays
Comments
Comments
Give Quiz Kudos
Give Quiz Kudos
-
- Ratings
hide this ad
More Info
Replay
Link that replays current quiz
Next Quiz
Link to next quiz in quiz playlist
You Got
0%
They Got
Avg Score
78%
Avg Friend Score
Upgrade to see
Score Distribution
Jump to the score distribution portion of the page
Score
0/41
Timer
05:00
0
Plays Today
State
School
% Correct
DC
Georgetown University
96.5%
GA
Georgia Tech
94.8%
MA
Boston College
94.5%
LA
Louisiana State University
94.3%
FL
Florida StateUniversity
93.5%
UT
University of Utah
93%
OH
Ohio State University
92%
HI
University of Hawaii
91.8%
TX
University of Texas
91.5%
WI
University of Wisconsin
91.3%
SC
University of South Carolina
90.8%
NE
University of Nebraska
90.3%
NC
North Carolina State
88.6%
RI
Providence College
88.6%
ID
Boise State University
88.1%
TN
Vanderbilt University
87.6%
CO
University of Denver
85.6%
RI
Brown University
84.3%
NY
SUNY Albany
82.6%
DC
George Washington University
82.3%
VA
University of Richmond
82.3%
State
School
% Correct
MA
Boston University
80.8%
IN
Butler University
80.6%
CA
Cal State-Sacramento
78.9%
AR
University of Arkansas-Little Rock
76.9%
DC
American University
74.9%
DE
Delaware State University
74.6%
GA
Georgia State University
73.4%
MD
US Naval Academy
71.4%
IN
IUPU-Indianapolis
70.1%
MS
Jackson State University
68.7%
IA
Drake University
66.9%
VA
Virginia Commonwealth University
66.4%
AL
Alabama State University
65.9%
FL
Florida A&M University
64.9%
DC
Howard University
60.4%
TN
Tennessee State University
59.7%
MA
Northeastern University
57.5%
TN
Belmont University
56.5%
LA
Southern University
54.5%
TN
Lipscomb University
40.5%
Quiz Playlist
Details
Report
Send in Message
Add To Playlist
More Info:
Basketball
Classic:
Type in answers that appear in a list
Quiz Source
Last Updated: Feb 16, 2017
Quiz Scoreboard
CHALLENGE
Sign Up to Join the Scoreboard
Show All
Scores
Hide
Comments
May contain spoilers
Recently Published
Movies - When Are They Set?
by FPL_Elf
Movies
5m
Popular People in 1961
by mucciniale
History
6m
1-10 Letter E Words III
by El_Dandy
Language
2m
More to Explore
Quiz From the Vault
Featured Blog Post
Where Did the Easter Bunny Come From?
hide this ad
You Might Also Like...
Tags
Basketball Quiz
Capital Quiz
NCAA Quiz
NCAA Basketball
NCAA Mens
Today's Top Quizzes in Sports
Browse Sports
hide this ad
Today's Top Quizzes in Basketball
Browse Basketball
Top Contributed Quizzes in Sports
1
Les meilleurs buteurs des matchs entre le PSG et l’OM
2
FIFA Club World Cup Champions
3
Les entraîneurs de l'OM et du PSG au 21e siècle
4
2022 World Cup Stars
5
Name the Premier League winners with different clubs
6
La finale Lions - Afrique du Sud 2021
7
Criteria MLB: Left Handed Sluggers
8
Les joueurs passés par le LOSC et le RC Lens
9
Players with Multiple 50 Home Run Seasons
10
MLB Players with Two .350 Batting Average Seasons
Explore More
Trending Topics
Anime
Kpop
Disney
Marvel
Harry Potter
NBA
Crossword
Puzzle
Song
NFL
Pokémon
WWE
Country
Soccer
The Office
hide this ad
More By:
BiloxiSean
Quiz
Plays
Rating
Category
Featured
Created
State Capital + Pro Team
355,703
4.22
Sports
Jan 27, 2010
One Team Premier League Goalscorers
177,511
4.41
Sports
Dec 20, 2012
Oscar Role by Occupation
68,164
4.12
Movies
Jun 19, 2010
NBA 10 Assists per Game (Season)
57,610
4.61
Sports
May 19, 2011
NFL Coaches: 100 Wins, One Team
49,849
4.60
Sports
Jan 25, 2011
Go to Creator's Profile
Score Distribution
Quiz Creator Spotlight
BiloxiSean
Follow
Send a Message
Quizzes Created
-
Created Quiz Play Count
-
More By This Creator
Popular Quizzes Today
1
Find the Countries of Europe - No Outlines Minefield
2
Find the US States - No Outlines Minefield
3
The Countries of the World
4
Popular People in 1961
5
1-10 Letter E Words III
6
US States
7
Find the US States
8
One Thing in Common: World Cities II
More Sports Quizzes
Athletes of the 1970s
Published
Trending Quizzes
Risky Map Clicking: Least Populous States A-Z
Humor Books: The Subtitles
1-10 Letter F Words
1-10 Letter G Words
One Thing in Common: United Kingdom
Recently Updated
Leaping Animals
pecheneg
Reality TV Shows (A-Z)
bhenderson79
Rickey Henderson's Hall of Fame Teammates
pecheneg
Champions League XIs: Arsenal
pecheneg
Quick Pick: Celebrities in WWE's Hall of Fame
aduchscher
A-Z Keypad Blitz II
pecheneg
Multiple Oscar Actors
pecheneg
Mystery Phrase Blitz: Oscar 'Best Actors'
pecheneg
F. Scott Fitzgerald Novels
LTH
Pick 3 Villains
ddd62291
Trending Topics
Disney
Anime
NBA
Kpop
Harry Potter
Marvel
Crossword
Soccer
Puzzle
NFL
Pokémon
Country
Song
WWE
The Office
Your Account Isn't Verified!
In order to create a playlist on Sporcle, you need to verify the email address you used during registration. Go to your
Sporcle Settings
to finish the process.
Report this User
Report this user for behavior that violates our
Community Guidelines
.
Details:
Send Report
Go to the Sporcle.com Mobile Site →
Comments